<?xml version="1.0" encoding="UTF-8"?>
<record
    xmlns:xsi="http://www.w3.org/2001/XMLSchema-instance"
    xsi:schemaLocation="http://www.loc.gov/MARC21/slim http://www.loc.gov/standards/marcxml/schema/MARC21slim.xsd"
    xmlns="http://www.loc.gov/MARC21/slim">

  <leader>01555nam a22003258a 4500</leader>
  <controlfield tag="001">1436510</controlfield>
  <controlfield tag="003">CO-MqBPB</controlfield>
  <controlfield tag="005">20220609142310.0</controlfield>
  <controlfield tag="008">151014s2014    ck a   gr     00010 spa d</controlfield>
  <datafield tag="020" ind1=" " ind2=" ">
    <subfield code="a">9789583043864</subfield>
  </datafield>
  <datafield tag="040" ind1=" " ind2=" ">
    <subfield code="a">CO-MqBPB</subfield>
    <subfield code="b">spa </subfield>
    <subfield code="c">CO-MqBPB</subfield>
  </datafield>
  <datafield tag="041" ind1="0" ind2=" ">
    <subfield code="a">spa </subfield>
    <subfield code="h">eng</subfield>
  </datafield>
  <datafield tag="043" ind1=" " ind2=" ">
    <subfield code="a">e-uk-st</subfield>
  </datafield>
  <datafield tag="082" ind1="0" ind2="4">
    <subfield code="a">JNG</subfield>
    <subfield code="b">STEd </subfield>
  </datafield>
  <datafield tag="100" ind1="1" ind2=" ">
    <subfield code="a">Macdonald, Fiona.</subfield>
  </datafield>
  <datafield tag="245" ind1="1" ind2="3">
    <subfield code="a">El Dr. Jekyll y Mr. Hyde / </subfield>
    <subfield code="c">adaptaci&#xD3;n Fiona Macdonald ;  ilustraci&#xF3;n Penko Gelev ; traducci&#xF3;n Luisa Gabriela Guerrero.</subfield>
  </datafield>
  <datafield tag="260" ind1=" " ind2=" ">
    <subfield code="a">Bogot&#xE1; D.C. , Colombia : </subfield>
    <subfield code="b">Panamericana Editorial, </subfield>
    <subfield code="c">2014.</subfield>
  </datafield>
  <datafield tag="300" ind1=" " ind2=" ">
    <subfield code="a">52 p&#xE1;ginas : </subfield>
    <subfield code="b">ilustraciones ; </subfield>
    <subfield code="c">27 cm.</subfield>
  </datafield>
  <datafield tag="500" ind1=" " ind2=" ">
    <subfield code="a">En las oscuras calles de la Londres victoriana, un asesino est&#xE1; al acecho. &#xBF;Qui&#xE9;n es el siniestro Mr. Hyde? &#xBF;Por qu&#xE9; Henry Jekyll, un respetado m&#xE9;dico, trata de protegerlo? &#xBF;Qu&#xE9; pueden tener en com&#xFA;n estos dos hombres tan distintos?

La famosa novela de Robert Louis Stevenson, sobre el bien y el mal, es v&#xED;vidamente relatada en formato de novela gr&#xE1;fica.</subfield>
  </datafield>
  <datafield tag="534" ind1=" " ind2=" ">
    <subfield code="p">T&#xFFFD;tulo original : </subfield>
    <subfield code="t">Dr. Jekyll and Mr. Hyde.</subfield>
  </datafield>
  <datafield tag="600" ind1="1" ind2="4">
    <subfield code="a">Stevenson, Robert Louis, </subfield>
    <subfield code="d">1850-1894. </subfield>
    <subfield code="t">Extra&#xF1;o caso del doctor Jeryll y el Se&#xF1;or Hyde</subfield>
    <subfield code="v"> Adaptaciones gr&#xE1;ficas.</subfield>
  </datafield>
  <datafield tag="650" ind1=" " ind2="4">
    <subfield code="a">Novela gr&#xFFFD;fica escocesa.</subfield>
  </datafield>
  <datafield tag="650" ind1=" " ind2="4">
    <subfield code="a">Novela polic&#xFFFD;aca escocesa.</subfield>
  </datafield>
  <datafield tag="650" ind1=" " ind2="4">
    <subfield code="a">Terror</subfield>
    <subfield code="v"> Novela gr&#xE1;fica.</subfield>
  </datafield>
  <datafield tag="650" ind1=" " ind2=" ">
    <subfield code="a">Novela de aventuras.</subfield>
  </datafield>
  <datafield tag="700" ind1="1" ind2=" ">
    <subfield code="a">Gelev, Penko, </subfield>
    <subfield code="e">ilustrador.</subfield>
  </datafield>
  <datafield tag="700" ind1="1" ind2=" ">
    <subfield code="a">Guerrero, Luisa Gabriela, </subfield>
    <subfield code="e">traductora.</subfield>
  </datafield>
  <datafield tag="942" ind1=" " ind2=" ">
    <subfield code="c">BKLIT</subfield>
  </datafield>
  <datafield tag="949" ind1=" " ind2=" ">
    <subfield code="a">n                                 </subfield>
    <subfield code="b">n</subfield>
  </datafield>
  <datafield tag="999" ind1=" " ind2=" ">
    <subfield code="c">14339</subfield>
    <subfield code="d">14339</subfield>
  </datafield>
  <datafield tag="952" ind1=" " ind2=" ">
    <subfield code="0">0</subfield>
    <subfield code="1">0</subfield>
    <subfield code="2">ddc</subfield>
    <subfield code="4">0</subfield>
    <subfield code="7">0</subfield>
    <subfield code="8">LJ</subfield>
    <subfield code="a">BPMOS</subfield>
    <subfield code="b">BPMOS</subfield>
    <subfield code="d">2022-06-09</subfield>
    <subfield code="e">Compra BPSJBM 2022</subfield>
    <subfield code="i">NT</subfield>
    <subfield code="l">2</subfield>
    <subfield code="o">JNG STEd </subfield>
    <subfield code="p">MOS502419</subfield>
    <subfield code="q">2023-05-22</subfield>
    <subfield code="r">2023-05-05</subfield>
    <subfield code="s">2023-05-05</subfield>
    <subfield code="t">EJ. 1</subfield>
    <subfield code="w">2022-06-09</subfield>
    <subfield code="y">BKLIT</subfield>
    <subfield code="z">Cinco d&#xED;as</subfield>
  </datafield>
</record>
